000 00657nam a2200193 a 4500
003 SISC
005 20160301100211.0
008 110106s19uu xx 00 eng d
020 _a0439518970
050 _aQA 1
_b.G798 2005
082 _aHS 510.7
_bG82 2005
100 _aGreenberg, Dan
245 _aFractured fairy tales math :
_b25 tales with computation and word problems to reinforce key skills in place value, estimation, rounding, money, graphing, and more /
_cDan Greenberg.
260 _aNew York :
_bScholastic,
_c2005.
300 _a60 p.
_bill. ;
_c28 cm.
650 _aMathematics
_xStudy and teaching
942 _cBK
_2lcc
999 _c12809
_d12809